00523 2200193 4500001002100000005001500021035002000036245005800056100001500114300001700129260004400146082001100190084001700201020002200218650001700240650001600257008004100273990001500314INLIS00000000000046420260404114908 a0010-04260000021 a33 KISAH WANITA SUPERHEBAT DI MASA LALU /cARUM FAIZA0 aARUM FAIZA axi, 232 hlm. aJakarta :bElex Media Komputindo,c2021 a297.03 a297.03 ARU t a978-623-00-2400-9 aWanita Islam aAgama Islam260404 g 0 ind  a0477/BB/21